000 01085nam a2200301Ia 4500
003 OSt
005 20220930081548.0
006 a|||||r|||| 00| 0
007 ta
008 220926b |||||||| |||| 00| 0 eng d
024 _a108077
037 _cTheses
040 _aCRL
_cCRL
_beng
041 _2eng
_aeng
100 _aRaj Kumar
110 _aUniversity of Delhi. Faculty of Medical Sciences. Department of Pharmacology
_9522434
245 0 _aEstrogen receptor alpha (CODON 325) polymorphism in breast cancer patients and healthy volunteers
_b A comparative study
260 _c2009
300 _a81p.
_ap.
_ccm.
650 _aPHARMACOLOGY
700 _a Dr. A. K. Kakar Gu.
700 _a Dr. Anita Chakravarti Gu.
_9536892
700 _a Dr. Shalini Chawla Gu.
_9541575
700 _a Dr. Uma Tekur Gu.
_9536949
700 _aUniversity of Delhi. Faculty of Medical Sciences. Department of Pharmacology
_9522436
942 _cDIS
_2CC
999 _c871628
_d871628